[Event "Madrid Once op 3rd"]
[Site "Madrid"]
[Date "2000.12.16"]
[Round "2"]
[White "Milla de Marco, Carlos"]
[Black "Roa Alonso, Santiago"]
[Result "1-0"]
[WhiteElo "2104"]
[BlackElo "2358"]
[PlyCount "111"]
[EventDate "2000.12.15"]
[EventType "swiss"]
[EventRounds "9"]
[EventCountry "ESP"]
[SourceTitle "EXT 2002"]
[Source "ChessBase"]
[SourceDate "2001.11.25"]
[SourceVersion "1"]
[SourceVersionDate "2001.11.25"]
[SourceQuality "1"]

1. e4 e5 2. Nf3 Nc6 3. d4 exd4 4. c3 d3 5. Bxd3 d6 6. h3 Nf6 7. 0-0 Be7 8. Nbd2 0-0 9. Nd4 Bd7 10. f4 Nxd4 11. cxd4 c5 12. d5 b5 13. b3 Rc8 14. Qe2 Re8 15. Bb2 Bf8 16. Qf2 c4 17. bxc4 bxc4 18. Bxf6 Qxf6 19. Bxc4 Rc7 20. Bb3 Bb5 21. Rfe1 g5 22. fxg5 Qxg5 23. Rac1 Rxc1 24. Rxc1 Bh6 25. Rc7 f5 26. Nf3 Qe3 27. e5 Be2 28. e6 Bxf3 29. gxf3 Kh8 30. Qxe3 Bxe3+ 31. Kf1 Bb6 32. Rf7 Kg8 33. Rxf5 Re7 34. Ke2 Bd8 35. Rg5+ Rg7 36. Rf5 Rg5 37. Rf4 h5 38. Kd3 Re5 39. Kc4 Re1 40. Kb5 Rc1 41. Bc4 Bg5 42. Re4 Kf8 43. Ka6 Rc3 44. h4 Bf6 45. Rf4 Ra3+ 46. Kb7 Ke7 47. Bb3 a5 48. Rc4 a4 49. Bxa4 Rxf3 50. Rc7+ Kf8 51. Rf7+ Kg8 52. Kc6 Rc3+ 53. Kxd6 Bxh4 54. Bc6 Re3 55. Rf5 Bg3+ 56. Kd7 1-0

[Event "Mondariz op 7th"]
[Site "Mondariz"]
[Date "2000.07.31"]
[Round "6"]
[White "Milla de Marco, Carlos"]
[Black "Tallarico Tallarico, Ovidio Mario"]
[Result "0-1"]
[WhiteElo "2104"]
[BlackElo "2226"]
[PlyCount "70"]
[EventDate "2000.07.26"]
[EventType "swiss"]
[EventRounds "9"]
[EventCountry "ESP"]
[SourceTitle "EXT 2001"]
[Source "ChessBase"]
[SourceDate "2000.11.22"]
[SourceVersion "1"]
[SourceVersionDate "2000.11.22"]
[SourceQuality "1"]

1. e4 g6 2. Nc3 c6 3. d4 d6 4. Be3 Bg7 5. Qd2 b5 6. Bd3 Nd7 7. Nf3 Bb7 8. 0-0 a6 9. Ne2 Ngf6 10. e5 Nd5 11. e6 fxe6 12. Ng5 Nf8 13. c4 bxc4 14. Bxc4 h6 15. Nh3 g5 16. Bd3 Qb6 17. Nc3 a5 18. Nxd5 exd5 19. a3 Ne6 20. Bg6+ Kd8 21. Rfd1 Rf8 22. Bh5 Bc8 23. Rac1 Rb8 24. Kh1 Bd7 25. f3 a4 26. Bg4 Nc7 27. Bxd7 Kxd7 28. Rc2 Ne6 29. Ng1 Qb3 30. Rdc1 Rb6 31. Ne2 Qb5 32. Nc3 Qa6 33. Ne2 Rfb8 34. Rb1 Rb3 35. Nc1 Rxa3 0-1

[Event "Mondariz op 7th"]
[Site "Mondariz"]
[Date "2000.07.30"]
[Round "5"]
[White "Bruned, Boris"]
[Black "Milla de Marco, Carlos"]
[Result "0-1"]
[WhiteElo "2004"]
[BlackElo "2104"]
[PlyCount "74"]
[EventDate "2000.07.26"]
[EventType "swiss"]
[EventRounds "9"]
[EventCountry "ESP"]
[SourceTitle "EXT 2001"]
[Source "ChessBase"]
[SourceDate "2000.11.22"]
[SourceVersion "1"]
[SourceVersionDate "2000.11.22"]
[SourceQuality "1"]

1. e4 e5 2. Nf3 d5 3. exd5 Bd6 4. d4 e4 5. Ne5 Nf6 6. Bb5+ Bd7 7. Nxd7 Nbxd7 8. 0-0 0-0 9. c4 a6 10. Bxd7 Qxd7 11. Nc3 Qf5 12. c5 Bf4 13. Bxf4 Qxf4 14. Qc1 Qh4 15. Qe3 Rfe8 16. Rfe1 Qh5 17. Qg3 Nxd5 18. Nxe4 h6 19. h3 Re6 20. Nc3 Rg6 21. Re5 f5 22. Qh2 Nf6 23. Ne2 Nd5 24. Ng3 Rxg3 25. Qxg3 Qf7 26. Qf3 c6 27. Rxf5 Qe6 28. Re5 Qd7 29. Qb3 Rf8 30. Rae1 Kh8 31. Qg3 Kh7 32. Qd3+ Kh8 33. Qg6 Nf4 34. Re7 Qxe7 35. Qxh6+ gxh6 36. Rxe7 Rb8 37. b4 Nd5 0-1

[Event "Orense op 9th"]
[Site "Orense"]
[Date "2000.07.14"]
[Round "7"]
[White "Arias Castanedo, Jacinto"]
[Black "Milla de Marco, Carlos"]
[Result "0-1"]
[WhiteElo "2037"]
[BlackElo "2104"]
[PlyCount "60"]
[EventDate "2000.07.08"]
[EventType "swiss"]
[EventRounds "9"]
[EventCountry "ESP"]
[SourceTitle "EXT 2001"]
[Source "ChessBase"]
[SourceDate "2000.11.22"]
[SourceVersion "1"]
[SourceVersionDate "2000.11.22"]
[SourceQuality "1"]

1. e4 e5 2. Nf3 d5 3. Nc3 d4 4. Ne2 Bd6 5. d3 c5 6. c4 Ne7 7. g3 0-0 8. Bg2 f5 9. Nd2 f4 10. f3 Ng6 11. Nf1 Nc6 12. a3 Be6 13. Bd2 Qd7 14. Ng1 Be7 15. Qc2 Rab8 16. b3 b5 17. Ne2 bxc4 18. bxc4 Bh3 19. Kf2 Bd6 20. Bxh3 Qxh3 21. Ng1 fxg3+ 22. Nxg3 Qh4 23. Rb1 Nf4 24. Rxb8 Rxb8 25. Kf1 g6 26. Be1 Qd8 27. N1e2 Qb6 28. Nc1 Qa6 29. a4 Nb4 30. Qd1 Nbxd3 0-1